| 000 | 01185nam a22002654a 4500 | ||
|---|---|---|---|
| 001 | UTEA | ||
| 005 | 20251001091516.0 | ||
| 006 | g||||gr||||||01 nz | ||
| 007 | ta | ||
| 008 | 250922b co ||||| |||| 00| 0 spa d | ||
| 020 | _a978958565836 | ||
| 040 | _aUTEA | ||
| 041 | _aspa | ||
| 082 |
_a628.55 _bM26 2018 |
||
| 100 |
_aMartínez Sepúlveda Jose Alejandro _eautor |
||
| 245 |
_aContaminación y remediación de suelos en Colombia : _bAplicación a la minería de oro /* _cJosé Alejandro Martínez Sepúlveda _h[Texto Impreso] |
||
| 250 | _a1ra edición | ||
| 260 |
_aColombia; _bEditorial EAN, en el nogal; _c2018 |
||
| 300 |
_a110 páginas; _bfiguras y tablas; _c17 x 24 cm. |
||
| 505 | _aLa extracción de oro en Colombia -- Mecanismos convencionales de remediación de suelos contaminados -- Mecanismos no convencionales de remediación de suelos contaminadas --Alternativas de remediación para contaminación asociada a la minería aurífera en Colombia. | ||
| 650 |
_aCONTAMINACIÓN _941944 |
||
| 650 |
_aREMEDIACIÓN DE SUELOS _959440 |
||
| 700 |
_aMiguel Reinaldo Casallas Ojeda _ecoautor _959441 |
||
| 942 |
_2ddc _cBK _e2025-09-22 _zCirila Celinda Molina Chirinos |
||
| 999 |
_c17303 _d17303 |
||